| 000 | 00448nam a22001697a 4500 | ||
|---|---|---|---|
| 005 | 20180326121218.0 | ||
| 008 | 160617b xxu||||| |||| 00| 0 eng d | ||
| 020 | _a81-259-0706-8 | ||
| 041 | _aeng | ||
| 082 |
_b8037 _a338.88 |
||
| 100 |
_aRao, M.B. _91281 |
||
| 245 | _aInternational Busines with development countries | ||
| 260 |
_aNew Delhi _bVikas Publishing House (P) Ltd. _c2001 |
||
| 300 | _a483 | ||
| 650 |
_aManagement _9241 |
||
| 942 | _cBK | ||
| 999 |
_c3006 _d3005 |
||